|
|
|
|
| LEADER |
00931nam a2200253 a 4500 |
| 001 |
c000014603 |
| 003 |
CARM |
| 005 |
00000000000000.0 |
| 008 |
890711s1989 caua 00110 eng |
| 019 |
1 |
|
|a 23948682
|z 6488593
|5 LACONCORD2021
|
| 020 |
|
|
|a 0895885794 :
|c $22.95
|
| 035 |
|
|
|a (OCoLC)19918322
|5 LACONCORD2021
|
| 050 |
0 |
0 |
|a QA76.8.M3
|b R63 1989
|
| 082 |
0 |
0 |
|a 004.5/6
|2 20
|
| 100 |
1 |
|
|a Roberts, J. Russell.
|
| 245 |
1 |
0 |
|a Understanding hard disk management on the Macintosh /
|c J. Russell Roberts.
|
| 260 |
|
|
|a San Francisco :
|b SYBEX,
|c c1989.
|
| 300 |
|
|
|a xxi, 334 p. :
|b ill. ;
|c 23 cm.
|
| 500 |
|
|
|a Includes index.
|
| 650 |
|
0 |
|a Macintosh (Computer)
|
| 650 |
|
0 |
|a Hard disk management.
|
| 852 |
8 |
|
|b CARM
|h A2:AE27D4
|i D00224
|p 0016520
|f BK
|
| 999 |
f |
f |
|i 202fba80-74ba-5723-b3aa-620be500ce6a
|s 1698916d-368f-5465-9bb0-e2da2e12c929
|
| 952 |
f |
f |
|p Can circulate
|a CAVAL
|b CAVAL
|c CAVAL
|d CARM 1 Store
|e D00224
|f A2:AE27D4
|h Other scheme
|i book
|m 0016520
|